El profesor y los valores controvertidos: neutralidad y beligerancia en la educación
Uloženo v:
| Hlavní autor: | |
|---|---|
| Médium: | Kniha |
| Jazyk: | španělština |
| Vydáno: |
Barcelona
Paidos
1992
|
| Edice: | Papeles de Pedagogia, 6
|
| Témata: | |
| Tagy: |
Přidat tag
Žádné tagy, Buďte první, kdo vytvoří štítek k tomuto záznamu!
|
MARC
| LEADER | 00000nam a2200000 a 4500 | ||
|---|---|---|---|
| 001 | UCX7767 | ||
| 003 | CL-VaPUC | ||
| 008 | 931229e19920000SP |||||||||||||||||spa|d | ||
| 082 | 0 | 4 | |a 370.114 |b TRI |2 21 |
| 100 | 0 | |a Trilla Bernet, Jaume |e author |9 324683 | |
| 245 | 1 | 3 | |a El profesor y los valores controvertidos: neutralidad y beligerancia en la educación |
| 300 | |a 239 p | ||
| 942 | |c BK | ||
| 945 | |d 19931229 00:00:00 |a rbrito | ||
| 260 | |a Barcelona |b Paidos |c 1992 | ||
| 650 | 0 | |a Educación moral |9 308319 | |
| 650 | 0 | |a Ética |9 255099 | |
| 650 | 0 | |a Valores |9 309628 | |
| 650 | 0 | |a Filosofía |9 223554 | |
| 583 | |a last modification |c 19931229 00:00:00 |k Rodrigo Vera | ||
| 490 | 0 | |a Papeles de Pedagogia, 6 | |
| 999 | |c 227491 |d 227489 | ||
| 952 | |0 0 |1 0 |4 0 |6 370_114000000000000_TRI_1992 |7 0 |8 A |9 226562 |a BIBEDU |b BIBEDU |d 2019-11-15 |i 2956896 |l 3 |m 1 |o 370.114 TRI 1992 |p 2956896 |r 2022-12-09 |s 2022-11-09 |w 2019-11-15 |y BK |k EDU | ||
| 952 | |0 0 |1 0 |4 0 |6 370_114000000000000_TRI_1992 |7 0 |8 A |9 226563 |a BIBING |b BIBING |d 2019-11-15 |i 2963310 |o 370.114 TRI 1992 |p 2963310 |r 2025-01-20 |w 2019-11-15 |y BK |k GEO | ||